000 00945nam a2200313Ia 4500
003 OSt
005 20221006160222.0
006 a|||||r|||| 00| 0
007 ta
008 221006b |||||||| |||| 00| 0 eng d
020 _a9789041188922
_c6,864.00
024 _a44,643
037 _bGift, Window on Korea
_cTextual
040 _aEASL
_cEASL
_beng
041 _2eng
_aeng
082 _aX56.495, P2
100 _aJhong Chun-Pyo
_9672466
245 0 _aInternational finance in Korea
260 _aNetherlands
_bKluwer Law International
_c2002
300 _a125p.
_ccm.
490 _v KEL
650 _a KEL
650 _a Korea - Enforcement rights
_9672467
650 _a Korea - Foreign exchange regulations
_9672468
650 _a Korea - Taxation
_9672469
650 _aKorea - Financial system
_9672470
942 _hX56.495, P2
_cTEXL
_2CC
999 _c1112735
_d1112735